The body vanishes /

Bibliographic Details
Main Author: Jacquemard, Yves
Other Authors: Sénécal, Jean Michel
Format: Book
Language:English
French
Published: New York : Dodd, Mead, [1980]

MARC

Tag First Indicator Second Indicator Subfields
LEADER 00000pam a2200000 i 4500
001 in00000683055
005 20151015161045.0
008 800515s1980 nyu 00011 eng
010 |a  80017077  
020 |a 0396078842 :  |c $8.95 
035 |a (OCoLC)06376105 
035 |9 ACZ3435AM 
040 |a DLC  |c DLC  |d TXA  |d UtOrBLW 
041 1 |a eng  |a fre 
049 |a TXAM  |c [1406255] 
050 0 0 |a PQ2670.A249  |b C713 1980 
082 0 |a 843/.914 
100 1 |a Jacquemard, Yves. 
240 1 0 |a Crime de la Maison Grun. English 
245 1 4 |a The body vanishes /  |c Jacquemard-Senecal ; translated by Gordon Latta. 
264 1 |a New York :  |b Dodd, Mead,  |c [1980] 
264 4 |c ©1980 
300 |a 179 pages ;  |c 22 cm. 
336 |a text  |b txt  |2 rdacontent 
337 |a unmediated  |b n  |2 rdamedia 
338 |a volume  |b nc  |2 rdacarrier 
500 |a Translation of Le crime de la Maison Grun. 
700 1 |a Sénécal, Jean Michel. 
999 |a MARS 
999 f f |s 72950132-3c85-30ee-8d72-354ee844e824  |i 97818072-19da-30c5-9433-d9d0c155ec99  |t 0 
952 f f |p ric  |a Texas A&M University  |b Rellis Campus  |c Joint Library Facility  |d Remote Storage  |t 0  |e PQ2670.A249 C713 1980  |h Library of Congress classification  |i unmediated -- volume  |m A14803789236 
998 f f |a PQ2670.A249 C713 1980  |t 0  |l Remote Storage